| 000 | 00990cam a2200349 i 4500 | ||
|---|---|---|---|
| 001 | 200468114 | ||
| 003 | TR-AnTOB | ||
| 005 | 20260414154500.0 | ||
| 007 | ta | ||
| 008 | 760514s1977 ilu b 001 0 eng d | ||
| 010 | _a 76018181 | ||
| 020 | _a0380448181 | ||
| 035 | _a2233828 | ||
| 040 |
_aDLC _beng _erda _cDLC _dTR-AnTOB |
||
| 041 | _aeng | ||
| 043 |
_an-us-ar _an-us-mo |
||
| 050 | 0 | 0 |
_aGR110.M77 _bP57 1977 |
| 090 |
_aGR110.M77 _bP57 1977 |
||
| 245 | 0 | 0 |
_aPissing in the snow and other Ozark folktales / _c[compiled by] Vance Randolph. |
| 250 | _aFifth printing | ||
| 264 |
_aUrbana : _bUniversity of Illinois Press, _c1977. |
||
| 300 |
_a239 pages ; _c21 cm. |
||
| 336 |
_atext _btxt _2rdacontent |
||
| 337 |
_aunmediated _bn _2rdamedia |
||
| 338 |
_avolume _bnc _2rdacarrier |
||
| 504 | _aBIB | ||
| 650 | 0 |
_aTales _zUnited States _9153372 |
|
| 700 | 1 |
_aRandolph, Vance, _d1892-1980 _9153663 |
|
| 942 |
_2lcc _cBK |
||
| 999 |
_c200468114 _d86326 |
||